Random Trivia #1 - Statistics

General Stats
  • This quiz has been taken 71 times
  • The average score is 11 of 16
Answer Stats
Hint Answer % Correct
Is Pi a rational or irrational number? Irrational
98%
What is the smallest EVEN prime number? Two / 2
94%
Who discovered gravity? Isaac Newton
92%
Who was the first president of the United States? George Washington
89%
An angle of 90° is called a _____ angle Right
84%
What continent is also a country? Australia
83%
True or False: A human stomach can dissolve a razor blade True
76%
In tennis, what does a player say when they have zero points? Love
75%
Are men or women more likely to be colorblind? Men
71%
According to JetPunk, how many countries are there? 196
70%
What is the first number to have the letter "A" in it when written out? Thousand / 1000 / One thousand
59%
What is the only sport to be played on the moon? Golf
56%
What is it called when someone bowls three strikes in a row? Turkey
48%
How many bones are in the adult human body? 206
37%
How many chemical elements are there? 118
24%
Maryland's state sport is... Jousting
5%
No matching quizzes found
Score Distribution
Percent of People with Each Score
Percentile by Number Answered
Your Score History
You have not taken this quiz